[Event "Alcudia Belleuve"]
[Site "Alcudia"]
[Date "2012.10.21"]
[Round "9.12"]
[White "Adeyemi, Adedeji"]
[Black "Naranjo Moreno, Jose Javier"]
[Result "1-0"]
[WhiteElo "1997"]
[BlackElo "1894"]
[PlyCount "77"]
[EventDate "2012.10.14"]
[EventType "swiss"]
[EventRounds "9"]
[EventCountry "ESP"]
[SourceTitle "EXT 2024"]
[Source "ChessBase"]
[SourceDate "2023.10.10"]
[SourceVersion "1"]
[SourceVersionDate "2023.10.10"]
[SourceQuality "1"]

1. Nf3 Nf6 2. g3 d5 3. Bg2 e6 4. 0-0 Bd6 5. d4 Nbd7 6. c4 c6 7. Nc3 0-0 8. Qc2 Re8 9. e4 dxe4 10. Nxe4 Nxe4 11. Qxe4 Nf6 12. Qc2 Qc7 13. Bg5 Nd7 14. c5 Be7 15. Bf4 Qa5 16. a3 Nf6 17. b4 Qd8 18. Rad1 Nd5 19. Bc1 Bf6 20. Ne5 Bd7 21. Be4 g6 22. h4 Bg7 23. h5 Rf8 24. Kg2 Bxe5 25. dxe5 f5 26. exf6 Qxf6 27. hxg6 hxg6 28. Bb2 e5 29. Rxd5 cxd5 30. Bxd5+ Kg7 31. f4 Rae8 32. Re1 Qa6 33. Rxe5 Rxe5 34. Bxe5+ Kh6 35. Qd1 Rf5 36. g4 Rxe5 37. fxe5 Qxa3 38. Qd2+ Kg7 39. e6 1-0

[Event "Alcudia Belleuve"]
[Site "Alcudia"]
[Date "2012.10.20"]
[Round "8.17"]
[White "Naranjo Moreno, Jose Javier"]
[Black "Correia, Sandra Ventura"]
[Result "1-0"]
[WhiteElo "1894"]
[BlackElo "1797"]
[PlyCount "75"]
[EventDate "2012.10.14"]
[EventType "swiss"]
[EventRounds "9"]
[EventCountry "ESP"]
[SourceTitle "EXT 2024"]
[Source "ChessBase"]
[SourceDate "2023.10.10"]
[SourceVersion "1"]
[SourceVersionDate "2023.10.10"]
[SourceQuality "1"]

1. Nf3 g6 2. d4 Bg7 3. c4 c5 4. d5 d6 5. e4 e6 6. Bd3 exd5 7. cxd5 Bg4 8. Nbd2 Nd7 9. h3 Bxf3 10. Nxf3 Ngf6 11. 0-0 0-0 12. Bf4 Qc7 13. Qc2 Rfe8 14. Rfe1 a6 15. a4 Rab8 16. a5 Re7 17. Nd2 Ne5 18. Nc4 Nxc4 19. Bxc4 Rbe8 20. f3 h6 21. Bd2 g5 22. Bc3 Nd7 23. Bxg7 Kxg7 24. Qc3+ Kg8 25. Kf2 f6 26. Qd2 Ne5 27. b3 b5 28. axb6 Qxb6 29. Qa5 Nxc4 30. bxc4 Qb2+ 31. Kf1 Ra7 32. Rab1 Qc2 33. Rec1 Qd3+ 34. Kg1 f5 35. exf5 Qe3+ 36. Kh1 Rae7 37. Qxa6 Qf2 38. Qxd6 1-0